The Acoustics of Nonsense in Lewis Carroll's Alice Tales

Elmentve itt :
Bibliográfiai részletek
Szerző: Kérchy Anna
Dokumentumtípus: Könyv része
Megjelent: Makadam förlag Stockholm 2021
Sorozat:Silence and Silencing in Children's Literature
Tárgyszavak:
mtmt:32461011
Online Access:http://publicatio.bibl.u-szeged.hu/22731
LEADER 00714naa a2200205 i 4500
001 publ22731
005 20211027082315.0
008 211027s2021 hu o 0|| Angol d
020 |a 9789170613678 
024 7 |a 32461011  |2 mtmt 
040 |a SZTE Publicatio Repozitórium  |b hun 
041 |a Angol 
100 1 |a Kérchy Anna 
245 1 4 |a The Acoustics of Nonsense in Lewis Carroll's Alice Tales  |h [elektronikus dokumentum] /  |c  Kérchy Anna 
260 |a Makadam förlag  |b Stockholm  |c 2021 
300 |a 18 
300 |a 86-102 
490 0 |a Silence and Silencing in Children's Literature 
650 4 |a Nyelvek és irodalom 
856 4 0 |u http://publicatio.bibl.u-szeged.hu/22731/1/AcousticsofNonsenseKerchy.pdf  |z Dokumentum-elérés